| 000 | 00388nam a2200157Ia 4500 | ||
|---|---|---|---|
| 008 | 230917s9999||||xx |||||||||||||| ||und|| | ||
| 020 | _cPOU11.99 | ||
| 040 |
_e6720 _aMAIN |
||
| 041 | _aEnglish | ||
| 082 | _a301.045 G154R | ||
| 100 | _aGane, Mike Ed | ||
| 245 | 0 | _aRadical sociology of Durkheim and Mauss | |
| 260 |
_aLondon _bRoutledge _c1992 |
||
| 300 | _aviii, 229 p. | ||
| 942 | _cBK | ||
| 999 |
_c77354 _d77354 |
||